[Event "Bucharest Super Rapid op"]
[Site "Bucharest"]
[Date "2022.05.01"]
[Round "7"]
[White "Burnoiu, Nicolae Costel"]
[Black "Lehaci, Miruna Daria"]
[Result "0-1"]
[WhiteElo "2380"]
[BlackElo "2205"]
[PlyCount "115"]
[EventDate "2022.04.30"]
[EventType "swiss (rapid)"]
[EventRounds "10"]
[EventCountry "ROU"]
[SourceTitle "CBM 208 Extra"]
[Source "ChessBase"]
[SourceDate "2022.07.31"]
[SourceVersion "1"]
[SourceVersionDate "2022.07.31"]
[SourceQuality "1"]

1. e4 c5 2. Nf3 d6 3. d4 cxd4 4. Nxd4 Nf6 5. Nc3 Nc6 6. Bg5 a6 7. Qd2 e6 8. 0-0-0 Bd7 9. Kb1 b5 10. a3 Rc8 11. f4 Qb6 12. Nxc6 Bxc6 13. Bxf6 gxf6 14. Be2 h5 15. Bf3 b4 16. axb4 Qxb4 17. Qd4 Rb8 18. Qxb4 Rxb4 19. Rd3 h4 20. Rhd1 Be7 21. Rd4 Rxd4 22. Rxd4 Kd7 23. Be2 a5 24. Bb5 Rg8 25. Rd2 Rg4 26. Bxc6+ Kxc6 27. Rf2 Bd8 28. h3 Rg3 29. Re2 Bb6 30. f5 Bd4 31. Nd1 Rg8 32. c3 Bc5 33. Kc2 d5 34. exd5+ Kxd5 35. Kd3 Rg3+ 36. Kc2 exf5 37. Kb3 f4 38. Ka4 f3 39. gxf3 Rxh3 40. f4 Rf3 41. Kxa5 h3 42. b4 Bg1 43. Rd2+ Ke6 44. Rd8 Rxf4 45. Rh8 h2 46. b5 Rf1 47. Nb2 Ra1+ 48. Kb4 Kd6 49. Nc4+ Kd5 50. Rh5+ Ke4 51. Rh3 Kf4 52. Nd2 Kg4 53. Rh8 Kg3 54. Ne4+ Kg2 55. Rg8+ Kf3 56. Nd2+ Ke2 57. Rg2+ Kd1 58. Nf3 0-1

[Event "Bucharest Super Rapid op"]
[Site "Bucharest"]
[Date "2022.05.01"]
[Round "9"]
[White "Vasynda, Oleksandr"]
[Black "Burnoiu, Nicolae Costel"]
[Result "0-1"]
[WhiteElo "1802"]
[BlackElo "2380"]
[PlyCount "160"]
[EventDate "2022.04.30"]
[EventType "swiss (rapid)"]
[EventRounds "10"]
[EventCountry "ROU"]
[SourceTitle "CBM 208 Extra"]
[Source "ChessBase"]
[SourceDate "2022.07.31"]
[SourceVersion "1"]
[SourceVersionDate "2022.07.31"]
[SourceQuality "1"]

1. d4 d5 2. Bf4 Nf6 3. e3 c5 4. c3 e6 5. Nf3 Nc6 6. Nbd2 Be7 7. h3 0-0 8. Bd3 b6 9. 0-0 Bb7 10. Ne5 Nxe5 11. Bxe5 Nd7 12. Bg3 Bf6 13. f4 g6 14. Nf3 Bg7 15. Ne5 f6 16. Bh4 Qe8 17. Nxd7 Qxd7 18. Qg4 Qd6 19. Bg3 Qe7 20. Bh4 Rae8 21. Rae1 Qd6 22. Bg3 Qc6 23. h4 f5 24. Qe2 c4 25. Bc2 b5 26. a4 bxa4 27. Ra1 Rb8 28. Rxa4 a6 29. Rfa1 Rf7 30. Be1 Bc8 31. R4a2 Bf8 32. Bd2 Qd6 33. g3 Rb6 34. Bc1 h6 35. Kh2 Rg7 36. Bd2 Qb8 37. Rb1 Qd6 38. Rg1 g5 39. Qf2 Rbb7 40. Bd1 gxh4 41. gxh4 Rxg1 42. Qxg1+ Rg7 43. Qf2 Be7 44. Bf3 Qd8 45. Be1 Qe8 46. Ra1 Kh7 47. Bd2 Qb5 48. Be1 a5 49. Bd1 Qb6 50. Kh3 Bd8 51. Ra2 Bd7 52. Bc2 Be8 53. Bd1 Rb7 54. Bd2 Qc7 55. Be1 Qe7 56. Ba4 Bxa4 57. Rxa4 Qe8 58. Ra1 Qb5 59. Rb1 Rg7 60. Bd2 Rg4 61. Rg1 Rxh4+ 62. Kg2 Qxb2 63. Kf3 Qc2 64. Rg3 Qe4+ 65. Ke2 Rh1 66. Rg1 Qd3+ 67. Kd1 Qb1+ 68. Bc1 Qd3+ 69. Bd2 Bh4 70. Qg2 Rxg1+ 71. Qxg1 a4 72. Qh2 Qf1+ 73. Kc2 Qf2 74. Qh1 a3 75. Qa1 Be7 76. Qb1 Kg7 77. Qb7 Kf7 78. Qa8 Qf1 79. Qh8 a2 80. Qxh6 Qb1# 0-1

[Event "Arad op 8th"]
[Site "Arad"]
[Date "2015.08.10"]
[Round "7"]
[White "Martinovic, Sasa"]
[Black "Burnoiu, Nicolae Costel"]
[Result "1/2-1/2"]
[WhiteElo "2532"]
[BlackElo "2400"]
[PlyCount "88"]
[EventDate "2015.08.06"]
[EventType "swiss"]
[EventRounds "9"]
[EventCountry "ROU"]
[SourceTitle "CBM 167 Extra"]
[Source "ChessBase"]
[SourceDate "2015.09.14"]
[SourceVersion "1"]
[SourceVersionDate "2015.09.14"]
[SourceQuality "1"]

1. d4 Nf6 2. c4 g6 3. f3 d5 4. cxd5 Nxd5 5. e4 Nb6 6. Nc3 Bg7 7. Be3 0-0 8. Qd2 e5 9. d5 c6 10. Rd1 cxd5 11. exd5 Bf5 12. h4 h5 13. Nh3 N8d7 14. Nf2 Nf6 15. Bg5 Qd6 16. Be2 Rfe8 17. 0-0 Rac8 18. g4 e4 19. Bf4 Qc5 20. gxf5 e3 21. Qd3 exf2+ 22. Rxf2 Nfxd5 23. Nxd5 Rcd8 24. Bc7 Nxd5 25. Bxd8 Nf4 26. Be7 Qxe7 27. Qe4 Nh3+ 28. Kg2 Qxe4 29. fxe4 Nxf2 30. Kxf2 Rxe4 31. Rd8+ Kh7 32. Rd7 Rf4+ 33. Kg2 Rxf5 34. Rxb7 Bd4 35. Bc4 Kg7 36. b4 Rf4 37. Bd5 Rxh4 38. Rxf7+ Kh6 39. a4 Bc3 40. Rxa7 Rxb4 41. Ra6 Rf4 42. Re6 h4 43. a5 Rg4+ 44. Kh3 Rg5 1/2-1/2

[Event "ROM-ch"]
[Site "Calimanesti"]
[Date "2015.04.26"]
[Round "9"]
[White "Burnoiu, Nicolae Costel"]
[Black "Dobre, Claudiu Cristian"]
[Result "1-0"]
[WhiteElo "2400"]
[BlackElo "2358"]
[PlyCount "63"]
[EventDate "2015.04.18"]
[EventType "swiss"]
[EventRounds "9"]
[EventCountry "ROU"]
[SourceTitle "CBM 166 Extra"]
[Source "ChessBase"]
[SourceDate "2015.06.18"]
[SourceVersion "1"]
[SourceVersionDate "2015.06.18"]
[SourceQuality "1"]

1. e4 c6 2. d4 d5 3. e5 c5 4. dxc5 Nc6 5. a3 e6 6. Nf3 Qc7 7. Be3 Nge7 8. Nc3 a6 9. Na4 Rb8 10. b4 Nxe5 11. Nxe5 Qxe5 12. Qd4 Qxd4 13. Bxd4 Nc6 14. Bb2 e5 15. Nb6 Be6 16. 0-0-0 d4 17. Bc4 Be7 18. Bxe6 fxe6 19. Rhe1 Rd8 20. Nc4 0-0 21. Nxe5 Nxe5 22. Rxe5 Rxf2 23. Bxd4 Rxg2 24. Rxe6 Rd7 25. Be3 Rc7 26. Rd5 Rg4 27. Bd4 Kf7 28. Re2 Rg5 29. Rxe7+ Rxe7 30. Rxg5 g6 31. Re5 Rd7 32. c3 1-0

[Event "ROM-ch"]
[Site "Calimanesti"]
[Date "2015.04.20"]
[Round "3"]
[White "Burnoiu, Nicolae Costel"]
[Black "Nastase, Robert Paul"]
[Result "1/2-1/2"]
[WhiteElo "2400"]
[BlackElo "2197"]
[PlyCount "111"]
[EventDate "2015.04.18"]
[EventType "swiss"]
[EventRounds "9"]
[EventCountry "ROU"]
[SourceTitle "CBM 166 Extra"]
[Source "ChessBase"]
[SourceDate "2015.06.18"]
[SourceVersion "1"]
[SourceVersionDate "2015.06.18"]
[SourceQuality "1"]

1. d4 f5 2. Nc3 d5 3. Bg5 h6 4. Bh4 Be6 5. e3 Bf7 6. Bd3 g5 7. Bg3 e6 8. Be5 Nf6 9. Nb5 Na6 10. c4 Be7 11. Qb3 c6 12. Nc3 Qb6 13. cxd5 Qxb3 14. axb3 Nb4 15. Bb1 cxd5 16. Nb5 Kd7 17. Rxa7 Rxa7 18. Nxa7 Ra8 19. Bxf6 Bxf6 20. Nb5 Ra1 21. Nc3 Nd3+ 22. Ke2 Nc1+ 23. Kd2 Nxb3+ 24. Kc2 Bxd4 25. exd4 Nxd4+ 26. Kd3 e5 27. Nge2 Nb3 28. Kc2 d4 29. Rd1 Kc6 30. Na2 e4 31. Nec1 d3+ 32. Nxd3 exd3+ 33. Rxd3 Nc5 34. Nb4+ Kb5 35. Ra3 Bb3+ 36. Kc1 Rxb1+ 37. Kxb1 Kxb4 38. Ra8 Nd3 39. Rh8 Nxf2 40. Rxh6 Bd5 41. g3 Be4+ 42. Kc1 Nd3+ 43. Kd2 Nxb2 44. h4 Nc4+ 45. Ke2 gxh4 46. gxh4 b5 47. Re6 Kc3 48. h5 Bd3+ 49. Kf3 f4 50. h6 b4 51. Re7 b3 52. h7 Bxh7 53. Rxh7 b2 54. Rh1 Ne5+ 55. Ke4 Nd3 56. Rb1 1/2-1/2

[Event "ROM-chT2"]
[Site "Calimanesti"]
[Date "2014.11.15"]
[Round "8.1"]
[White "Shishkin, Vadim"]
[Black "Burnoiu, Nicolae Costel"]
[Result "1-0"]
[WhiteElo "2473"]
[BlackElo "2408"]
[PlyCount "73"]
[EventDate "2014.11.08"]
[EventType "team-tourn"]
[EventRounds "9"]
[EventCountry "ROU"]
[SourceTitle "CBM 163 Extra"]
[Source "ChessBase"]
[SourceDate "2014.12.23"]
[SourceVersion "1"]
[SourceVersionDate "2014.12.23"]
[SourceQuality "1"]
[WhiteTeam "Resita Muncitorul"]
[BlackTeam "Targoviste University"]
[WhiteTeamCountry "ROU"]
[BlackTeamCountry "ROU"]

1. d4 d5 2. c4 dxc4 3. e4 e5 4. Nf3 Bb4+ 5. Nc3 exd4 6. Qxd4 Qxd4 7. Nxd4 Nf6 8. f3 0-0 9. Bxc4 Nbd7 10. Bf4 c6 11. 0-0-0 Nb6 12. Bb3 Nfd7 13. Nce2 Nc5 14. Bc2 Ne6 15. Bg3 Nc4 16. Bf2 Nxd4 17. Bxd4 Be7 18. g3 b6 19. Bd3 Nd6 20. Nf4 Rd8 21. Bc3 Nb7 22. Bc4 Nd6 23. Be2 Bb7 24. Rd2 Ne8 25. Rhd1 Rxd2 26. Rxd2 Rd8 27. b4 Nc7 28. Be5 Ne8 29. a3 Rxd2 30. Kxd2 Bf6 31. Bxf6 Nxf6 32. e5 Nd7 33. e6 fxe6 34. Nxe6 c5 35. f4 Nf6 36. g4 Bc8 37. Bc4 1-0

[Event "ROM-chT2"]
[Site "Calimanesti"]
[Date "2014.11.09"]
[Round "2.1"]
[White "Teodorescu, Ion"]
[Black "Burnoiu, Nicolae Costel"]
[Result "1/2-1/2"]
[WhiteElo "2236"]
[BlackElo "2408"]
[PlyCount "70"]
[EventDate "2014.11.08"]
[EventType "team-tourn"]
[EventRounds "9"]
[EventCountry "ROU"]
[SourceTitle "CBM 163 Extra"]
[Source "ChessBase"]
[SourceDate "2014.12.23"]
[SourceVersion "1"]
[SourceVersionDate "2014.12.23"]
[SourceQuality "1"]
[WhiteTeam "Galati Diana"]
[BlackTeam "Targoviste University"]
[WhiteTeamCountry "ROU"]
[BlackTeamCountry "ROU"]

1. Nf3 Nf6 2. c4 g6 3. b3 Bg7 4. Bb2 0-0 5. g3 c6 6. Bg2 d5 7. 0-0 Bf5 8. d4 a5 9. Nc3 Ne4 10. Nh4 Nxc3 11. Bxc3 Be6 12. c5 Nd7 13. Qd2 Nf6 14. Qc2 b6 15. Rfd1 bxc5 16. dxc5 Qc7 17. Nf3 Bf5 18. Qb2 Qa7 19. Rac1 Bh6 20. Bxf6 Bxc1 21. Rxc1 exf6 22. Qxf6 Be6 23. Nd4 Qd7 24. h4 h5 25. e4 Rac8 26. Re1 Rfe8 27. e5 Qe7 28. Qxe7 Rxe7 29. f4 Rb7 30. a3 Kf8 31. Kf2 Bd7 32. Bf1 Rcb8 33. Re3 Ke7 34. Ba6 Rc7 35. Bd3 Bg4 1/2-1/2

[Event "ROM-chT2"]
[Site "Olanesti"]
[Date "2013.10.16"]
[Round "5.1"]
[White "Russu, Eduard"]
[Black "Burnoiu, Nicolae Costel"]
[Result "1/2-1/2"]
[WhiteElo "2169"]
[BlackElo "2402"]
[PlyCount "73"]
[EventDate "2013.10.12"]
[EventType "team-tourn"]
[EventRounds "9"]
[EventCountry "ROU"]
[SourceTitle "EXT 2014"]
[Source "ChessBase"]
[SourceDate "2013.11.20"]
[SourceVersion "1"]
[SourceVersionDate "2013.11.20"]
[SourceQuality "1"]
[WhiteTeam "Ramnicu Valcea"]
[BlackTeam "Deva"]
[WhiteTeamCountry "ROU"]
[BlackTeamCountry "ROU"]

1. d4 Nf6 2. c4 g6 3. Nc3 d5 4. cxd5 Nxd5 5. e4 Nxc3 6. bxc3 Bg7 7. Nf3 c5 8. Rb1 0-0 9. Be2 b6 10. 0-0 Bb7 11. e5 cxd4 12. cxd4 Bd5 13. Qa4 Nc6 14. Be3 a6 15. Rbc1 b5 16. Qa3 Qd7 17. Rfd1 f6 18. Rc5 e6 19. Qb2 f5 20. Bf4 Rfc8 21. Rdc1 Bf8 22. R5c2 Bxf3 23. Bxf3 Nxd4 24. Rd2 Rxc1+ 25. Qxc1 Rc8 26. Qd1 Nxf3+ 27. gxf3 Qc7 28. Rd7 Qc2 29. Qd4 Qc5 30. Qd2 Qc3 31. Qd1 Qb4 32. Bg5 Qc5 33. Bf4 h6 34. h4 Qc6 35. Kh2 Bg7 36. Rd6 Qc4 37. Kg3 1/2-1/2

[Event "ROM-chT2"]
[Site "Olanesti"]
[Date "2013.10.14"]
[Round "3.1"]
[White "Titu, Maiorescu Dorin"]
[Black "Burnoiu, Nicolae Costel"]
[Result "0-1"]
[WhiteElo "2220"]
[BlackElo "2402"]
[PlyCount "84"]
[EventDate "2013.10.12"]
[EventType "team-tourn"]
[EventRounds "9"]
[EventCountry "ROU"]
[SourceTitle "EXT 2014"]
[Source "ChessBase"]
[SourceDate "2013.11.20"]
[SourceVersion "1"]
[SourceVersionDate "2013.11.20"]
[SourceQuality "1"]
[WhiteTeam "Targoviste Chindia"]
[BlackTeam "Deva"]
[WhiteTeamCountry "ROU"]
[BlackTeamCountry "ROU"]

1. Nf3 Nf6 2. g3 d5 3. Bg2 g6 4. 0-0 Bg7 5. d3 0-0 6. Nbd2 d4 7. e4 dxe3 8. fxe3 c5 9. Qe2 Nc6 10. c3 Bg4 11. Rd1 Qd7 12. Nf1 Rad8 13. e4 Ne5 14. Nxe5 Bxe2 15. Nxd7 Rxd7 16. Re1 Bxd3 17. Bf4 e6 18. Be5 Ng4 19. Bxg7 Kxg7 20. e5 Bxf1 21. Bxf1 Rd2 22. Re4 h5 23. h3 Nf2 24. Re3 Nd1 25. Re2 Rfd8 26. Rb1 b6 27. a3 R8d5 28. c4 R5d4 29. Rxd2 Rxd2 30. b4 Nb2 31. bxc5 bxc5 32. h4 a6 33. a4 Nd3 34. Rb6 Nxe5 35. Bg2 Nxc4 36. Rxa6 Ne3 37. Bf3 c4 38. a5 Ra2 39. Ra8 c3 40. Rc8 c2 41. a6 Rxa6 42. Kf2 Ra1 0-1

[Event "ROM-chT2"]
[Site "Olanesti"]
[Date "2013.10.13"]
[Round "2.1"]
[White "Burnoiu, Nicolae Costel"]
[Black "Posedaru, Bogdan Stefan"]
[Result "1/2-1/2"]
[WhiteElo "2402"]
[BlackElo "2290"]
[PlyCount "33"]
[EventDate "2013.10.12"]
[EventType "team-tourn"]
[EventRounds "9"]
[EventCountry "ROU"]
[SourceTitle "EXT 2014"]
[Source "ChessBase"]
[SourceDate "2013.11.20"]
[SourceVersion "1"]
[SourceVersionDate "2013.11.20"]
[SourceQuality "1"]
[WhiteTeam "Deva"]
[BlackTeam "Ploiesti Conpet"]
[WhiteTeamCountry "ROU"]
[BlackTeamCountry "ROU"]

1. e4 c5 2. Nf3 Nc6 3. Bb5 d6 4. 0-0 Bd7 5. c3 Nf6 6. Re1 a6 7. Ba4 b5 8. Bc2 Bg4 9. h3 Bxf3 10. Qxf3 e6 11. a4 Be7 12. axb5 axb5 13. Rxa8 Qxa8 14. Na3 b4 15. Nc4 0-0 16. d3 Qa2 17. e5 1/2-1/2

[Event "Bucharest Gaudeamus Cup 3rd"]
[Site "Bucharest"]
[Date "2011.06.18"]
[Round "2"]
[White "Andronescu, Madalin"]
[Black "Burnoiu, Nicolae Costel"]
[Result "0-1"]
[WhiteElo "2077"]
[BlackElo "2406"]
[PlyCount "48"]
[EventDate "2011.06.17"]
[EventType "swiss"]
[EventRounds "5"]
[EventCountry "ROU"]
[SourceTitle "CBM 143 Extra"]
[Source "ChessBase"]
[SourceDate "2011.08.29"]
[SourceVersion "1"]
[SourceVersionDate "2011.08.29"]
[SourceQuality "1"]

1. d4 d5 2. c4 c6 3. Nc3 Nf6 4. cxd5 cxd5 5. Nf3 Nc6 6. a3 a6 7. Bf4 Bf5 8. Nh4 Be6 9. Na4 Nd7 10. Rc1 f6 11. e4 g5 12. exd5 Bxd5 13. Bc4 Bxc4 14. Rxc4 Qa5+ 15. Bd2 Qd5 16. Qe2 gxh4 17. Nc3 Qxg2 18. Rf1 Nb6 19. Qe6 Rd8 20. Ne4 Qg6 21. Rxc6 bxc6 22. Qxc6+ Kf7 23. Nc5 Rd6 24. Qf3 Bh6 0-1

[Event "Baia Sprie Limpedea Cup 2nd"]
[Site "Baia Sprie"]
[Date "2010.05.31"]
[Round "8"]
[White "Manolache, Marius"]
[Black "Burnoiu, Nicolae Costel"]
[Result "1/2-1/2"]
[WhiteElo "2527"]
[BlackElo "2403"]
[PlyCount "68"]
[EventDate "2010.05.24"]
[EventType "tourn"]
[EventRounds "11"]
[EventCountry "ROU"]
[EventCategory "8"]
[SourceTitle "CBM 136 Extra"]
[Source "ChessBase"]
[SourceDate "2010.07.02"]
[SourceVersion "2"]
[SourceVersionDate "2010.07.15"]
[SourceQuality "1"]

1. d4 Nf6 2. c4 g6 3. Nc3 d5 4. e3 Bg7 5. cxd5 Nxd5 6. Nxd5 Qxd5 7. Ne2 0-0 8. Nc3 Qd8 9. Be2 c6 10. Bf3 Nd7 11. 0-0 Nb6 12. b3 e5 13. Ba3 Re8 14. dxe5 Bxe5 15. Ne4 Nd5 16. Rc1 Bf5 17. Ng3 Be6 18. Rc2 Qh4 19. Qc1 Nf6 20. Bb2 Bd5 21. Bxd5 Nxd5 22. Bxe5 Rxe5 23. Rc4 Qe7 24. e4 Nb6 25. Rc2 Nd7 26. f4 Rc5 27. Qa3 Qd6 28. Rcc1 Qd4+ 29. Kh1 Rxc1 30. Qxc1 Nc5 31. e5 Rd8 32. h3 Ne4 33. Nxe4 Qxe4 34. Rf2 Rd3 1/2-1/2

[Event "ROM-ch"]
[Site "Baile Olanesti"]
[Date "2010.02.01"]
[Round "2"]
[White "Tufa, Mihai"]
[Black "Burnoiu, Nicolae Costel"]
[Result "0-1"]
[WhiteElo "2076"]
[BlackElo "2408"]
[PlyCount "64"]
[EventDate "2010.01.31"]
[EventType "swiss"]
[EventRounds "9"]
[EventCountry "ROU"]
[SourceTitle "CBM 134 Extra"]
[Source "ChessBase"]
[SourceDate "2010.03.03"]
[SourceVersion "1"]
[SourceVersionDate "2010.03.03"]
[SourceQuality "1"]

1. e4 c5 2. c3 Nf6 3. e5 Nd5 4. d4 cxd4 5. cxd4 d6 6. Nf3 e6 7. Nc3 Nc6 8. exd6 Bxd6 9. Bc4 Nxc3 10. bxc3 0-0 11. 0-0 b6 12. Qe2 Bb7 13. Ng5 g6 14. Bd3 Re8 15. Qg4 Bf8 16. Qh3 h6 17. Ne4 f5 18. Ng3 Kh7 19. Re1 Bg7 20. Be3 Rc8 21. Rac1 Qd7 22. f4 Ne7 23. Ne2 Nd5 24. Bd2 Qa4 25. g4 Qxa2 26. Red1 Nf6 27. gxf5 exf5 28. c4 Be4 29. Ra1 Qb3 30. Be1 Bxd3 31. Qxd3 Qxd3 32. Rxd3 Rxe2 0-1

[Event "Ciocaltea Memorial"]
[Site "Bucharest"]
[Date "2009.03.30"]
[Round "8"]
[White "Burnoiu, Nicolae Costel"]
[Black "Chirila, Ioan Cristian"]
[Result "1/2-1/2"]
[WhiteElo "2453"]
[BlackElo "2485"]
[PlyCount "33"]
[EventDate "2009.03.23"]
[EventType "tourn"]
[EventRounds "11"]
[EventCountry "ROU"]
[EventCategory "10"]
[SourceTitle "CBM 129 Extra"]
[Source "ChessBase"]
[SourceDate "2009.05.05"]
[SourceVersion "2"]
[SourceVersionDate "2009.05.20"]
[SourceQuality "1"]

1. e4 e5 2. Nf3 Nc6 3. Bb5 a6 4. Ba4 Nf6 5. 0-0 Be7 6. Re1 b5 7. Bb3 d6 8. c3 0-0 9. h3 Na5 10. Bc2 c5 11. d4 Qc7 12. d5 c4 13. Nbd2 Nb7 14. Nf1 Nc5 15. Ng3 g6 16. Nh2 Re8 17. Ng4 1/2-1/2

[Event "Ciocaltea Memorial"]
[Site "Bucharest"]
[Date "2009.03.24"]
[Round "2"]
[White "Burnoiu, Nicolae Costel"]
[Black "Shishkin, Vadim"]
[Result "1/2-1/2"]
[WhiteElo "2453"]
[BlackElo "2493"]
[PlyCount "110"]
[EventDate "2009.03.23"]
[EventType "tourn"]
[EventRounds "11"]
[EventCountry "ROU"]
[EventCategory "10"]
[SourceTitle "CBM 129 Extra"]
[Source "ChessBase"]
[SourceDate "2009.05.05"]
[SourceVersion "2"]
[SourceVersionDate "2009.05.20"]
[SourceQuality "1"]

1. e4 c5 2. Nf3 Nc6 3. Nc3 d6 4. d4 cxd4 5. Nxd4 Nf6 6. Bg5 Bd7 7. Qd2 h6 8. Bxf6 gxf6 9. 0-0-0 Nxd4 10. Qxd4 Qa5 11. f4 Rc8 12. Be2 Qc5 13. f5 h5 14. Kb1 h4 15. Qxc5 Rxc5 16. Nd5 Bh6 17. Rhf1 Rg8 18. Rg1 Bg5 19. g3 hxg3 20. Rxg3 Rh8 21. h3 e6 22. b4 Rc8 23. Ne3 Ke7 24. c4 Rh4 25. Bd3 Rch8 26. Rh1 Bc6 27. fxe6 fxe6 28. Ng2 R4h6 29. h4 Kf7 30. b5 Bd7 31. Rg1 Bd2 32. Kc2 Bb4 33. Nf4 R8h7 34. h5 Bc5 35. R1g2 e5 36. Nd5 Rxh5 37. Be2 Rh2 38. Rg7+ Rxg7 39. Rxh2 Bg4 40. Bxg4 Rxg4 41. Kd3 Rg3+ 42. Kc2 Kg6 43. Rh8 Rg2+ 44. Kb3 Re2 45. Rf8 Rxe4 46. Rxf6+ Kg5 47. Rf7 Rh4 48. Rxb7 Rh3+ 49. Kc2 Kf5 50. Nc3 Rh2+ 51. Kb3 Bd4 52. Rf7+ Ke6 53. Rf3 Bxc3 54. Rxc3 e4 55. a4 Ke7 1/2-1/2